000 01802cam a22003974i 4500
003 PE-LiUPU
005 20250731183422.0
008 150625s2005 sp rb 000 0 spa d
020 _a8437622131
020 _a9788437622132
035 _a(Sirsi) i9788437622132
040 _aPE-LiUPU
_bspa
_cPE-LiUPU
_erda
049 _aPRUA
082 0 4 _a791.447
_bR74
_221
100 1 _aRodero Antón, Emma,
_eautor.
245 1 0 _aProducción radiofónica /
_cEmma Rodero Antón.
264 1 _aMadrid :
_bCátedra,
_c2005.
300 _a288 páginas ;
_c21 centímetros
336 _atext
_2rdacontent
337 _aunmediated
_2rdamedia
338 _avolume
_2rdacarrier
504 _aBibliografía: páginas 277-286.
505 0 _aConcepción de la producción radiofónica -- Componenetes de la producción radiofónica -- Sonido y lenguaje radiofónico -- Herramientas de la producción radiofónica -- Tecnología y técnica radiofónica -- Estructura de la producción rafiofónica -- Narrativa radiofónica -- Fases de la producción rafiofónica.
526 _aP158
526 _aP146
526 _aP17
526 _aP12
526 _aP06
541 _g001-0028290;
650 0 4 _aRadio
_xProducción y dirección.
942 _2ddc
_cBOOK
949 _a791.447 R74
_wDEWEY
_c1
_i58289
_d2016-11-23
_e2016-11-15
_lCCODEBUL1
_mBUL
_n2
_p28.00
_r0
_sY
_tBOOK
_u2015-6-25
_xEDUCACION
_PP20
_0COMPRA
_o.STAFF. Colección Ciencias Humanas y Educación
994 _aC0
_bPEPRU
596 _a1
999 _a791.447 R74
_wDEWEY
_c47230
_i58289
_d47230
_e2016-11-15
_f2021-11-8
_g6
_lCCODEBUL1
_mBUL
_n2
_p28.00
_r0
_sY
_tBOOK
_u2015-6-25
_xEDUCACION
_PP20
_0COMPRA
_o.STAFF. Colección Ciencias Humanas y Educación
980 _81
_gALBERTO SANCHEZ Responsable de Automatización